Self realization / (Record no. 88987)

MARC details
000 -LEADER
fixed length control field 00505nam a22001817a 4500
005 - DATE AND TIME OF LATEST TRANSACTION
control field 20141010121913.0
010 ## - LCCN (DPL NO)
LC control number ENG-110959
020 ## - INTERNATIONAL STANDARD BOOK NUMBER
International Standard Book Number 9789351134206
Terms of availability 395.00
035 ## - SYSTEM CONTROL NUMBER
System control number EN-94491
037 ## - SOURCE OF ACQUISITION
Source of stock number/acquisition DBAD/PUB
082 ## - DEWEY DECIMAL CLASSIFICATION NUMBER
Classification number 230
100 ## - MAIN ENTRY--PERSONAL NAME
Personal name Gill, Davinder
245 ## - TITLE STATEMENT
Title Self realization /
Statement of responsibility, etc by Davinder Gill
260 ## - PUBLICATION, DISTRIBUTION, ETC. (IMPRINT)
Place of publication, distribution, etc Chandigarh
Name of publisher, distributor, etc Unistar Books
Date of publication, distribution, etc 2014
270 ## - ADDRESS
Address SCO.26-27, Sector-34A
City Chandigarh
Postal code 160022
300 ## - PHYSICAL DESCRIPTION
Extent 204p. :
Dimensions 22cm(pbk)
Other physical details ill.
942 ## - ADDED ENTRY ELEMENTS (KOHA)
Source of classification or shelving scheme Dewey Decimal Classification
Item type English Books
Call number suffix GIL
Classification part 230
Holdings
Withdrawn status Lost status Not for loan Collection code Home library Current library Date acquired Source of acquisition Cost, normal purchase price Full call number Barcode Copy number Cost, replacement price Koha item type
    Not For Loan Non-fiction D.B.Act.Division D.B.Act.Division 26/09/2014 DBAD/PUB 395.00 230 GIL EN-94491 1 395.00 English Books

© Delhi Public Library
Hit Counter
free hit counter